Eros and polis : (Record no. 17639)
[ view plain ]
| 000 -LEADER | |
|---|---|
| fixed length control field | 01182cam a2200289 a 4500 |
| 001 - CONTROL NUMBER | |
| control field | 14847084 |
| 005 - DATE AND TIME OF LATEST TRANSACTION | |
| control field | 20131010123345.0 |
| 008 - FIXED-LENGTH DATA ELEMENTS--GENERAL INFORMATION | |
| fixed length control field | 070511s2006 enk b 001 0 eng |
| 020 ## - INTERNATIONAL STANDARD BOOK NUMBER | |
| International Standard Book Number | 0521031435 (pbk.) |
| 043 ## - GEOGRAPHIC AREA CODE | |
| Geographic area code | e-gr--- |
| 082 00 - DEWEY DECIMAL CLASSIFICATION NUMBER | |
| Classification number | 320.0938 |
| Edition number | 22 |
| Item number | LUD |
| 100 1# - MAIN ENTRY--PERSONAL NAME | |
| Personal name | Ludwig, Paul W. |
| Fuller form of name | (Paul Walter), |
| Dates associated with a name | 1963- |
| 9 (RLIN) | 34059 |
| 245 10 - TITLE STATEMENT | |
| Title | Eros and polis : |
| Remainder of title | desire and community in Greek political theory / |
| Statement of responsibility, etc | Paul W. Ludwig. |
| 246 18 - VARYING FORM OF TITLE | |
| Title proper/short title | Eros & polis |
| 250 ## - EDITION STATEMENT | |
| Edition statement | 1st digitally printed pbk. ed. |
| 260 ## - PUBLICATION, DISTRIBUTION, ETC. (IMPRINT) | |
| Place of publication, distribution, etc | Cambridge ; |
| -- | New York : |
| Name of publisher, distributor, etc | Cambridge University Press, |
| Date of publication, distribution, etc | 2006. |
| 300 ## - PHYSICAL DESCRIPTION | |
| Extent | xiii, 398 p. ; |
| Dimensions | 23 cm. |
| 504 ## - BIBLIOGRAPHY, ETC. NOTE | |
| Bibliography, etc | Includes bibliographical references (p. 381-392) and index. |
| 650 #0 - SUBJECT ADDED ENTRY--TOPICAL TERM | |
| Topical term or geographic name as entry element | Political science |
| Geographic subdivision | Greece |
| General subdivision | History. |
| 9 (RLIN) | 33844 |
| 650 #0 - SUBJECT ADDED ENTRY--TOPICAL TERM | |
| Topical term or geographic name as entry element | Homosexuality |
| General subdivision | Political aspects |
| Geographic subdivision | Greece |
| General subdivision | History. |
| 9 (RLIN) | 34060 |
| 650 #0 - SUBJECT ADDED ENTRY--TOPICAL TERM | |
| Topical term or geographic name as entry element | Sex |
| General subdivision | Political aspects |
| Geographic subdivision | Greece |
| General subdivision | History. |
| 9 (RLIN) | 34061 |
| 650 #0 - SUBJECT ADDED ENTRY--TOPICAL TERM | |
| Topical term or geographic name as entry element | Eros (Greek deity) |
| 9 (RLIN) | 34062 |
| 653 ## - INDEX TERM--UNCONTROLLED | |
| Resource For college | |
| Arrived date list | October2013 |
| 856 42 - ELECTRONIC LOCATION AND ACCESS | |
| Materials specified | Publisher description |
| Uniform Resource Identifier | <a href="http://www.loc.gov/catdir/enhancements/fy0726/2007274757-d.html">http://www.loc.gov/catdir/enhancements/fy0726/2007274757-d.html</a> |
| 856 41 - ELECTRONIC LOCATION AND ACCESS | |
| Materials specified | Table of contents only |
| Uniform Resource Identifier | <a href="http://www.loc.gov/catdir/enhancements/fy0726/2007274757-t.html">http://www.loc.gov/catdir/enhancements/fy0726/2007274757-t.html</a> |
| 942 ## - ADDED ENTRY ELEMENTS (KOHA) | |
| Source of classification or shelving scheme | Dewey Decimal Classification |
| Item type | Book - Borrowing |
| Withdrawn status | Item status | Source of classification or shelving scheme | Damaged status | Not for loan | Vendor | Home library | Current library | Shelving location | Date acquired | Source of acquisition | Total Checkouts | Full call number | Barcode | Date last seen | Date last borrowed | Koha item type | Total Renewals |
|---|---|---|---|---|---|---|---|---|---|---|---|---|---|---|---|---|---|
| Dewey Decimal Classification | Baccah | Central Library | Central Library | First floor | 10/10/2013 | 1 | 320.0938 LUD | 000029381 | 15/07/2025 | 25/11/2017 | Book - Borrowing | ||||||
| Dewey Decimal Classification | Baccah | Central Library | Central Library | First floor | 10/10/2013 | 2 | 320.0938 LUD | 000029382 | 15/07/2025 | 07/10/2015 | Book - Borrowing | 13 |